snake quiz - Statistics

General Stats
  • This quiz has been taken 45 times
  • The average score is 8 of 15
Answer Stats
Hint Answer % Correct
Fastest Black Mamba
83%
Longest Venomous King Cobra
83%
Heaviest Green Anaconda
73%
longest Reticulated Python
73%
red touch yellow kill a fellow Coral Snake
71%
Only snake that is found in the ocean Sea Snake
71%
found in australia and name is found from tigers Tiger Snake
66%
most dangerous Inland Taipan
63%
Largest Fangs Gaboon Viper
56%
Rattlesnake found in west usa Western Diamondback Rattlesnake
51%
Rattlesnake found in east usa Eastern Diamondback Rattlesnake
44%
second most dangerous Eastern Brown Snake
41%
Can glide through the air Flying Snake
34%
in the ^ family Coastal Taipan
27%
Smallest Snake Barbados Thread Snake
12%
No matching quizzes found
Score Distribution
Percent of People with Each Score
Percentile by Number Answered
Your Score History
You have not taken this quiz